Which Is Correct: Jon or John? Quiz Stats

Quiz Updated Oct 27, 2015

Challenge
Share
Tweet
Embed
Score 0/30 Timer 04:00
2 Plays Today
Surname Jon (A) or John (B) % Correct
Lennon???
88.4%
Steinbeck???
85%
Grisham???
84.4%
Williams???
83.3%
Glenn???
82.2%
Bon Jovi???
81.7%
Cleese???
81.5%
McEnroe???
80.7%
Locke???
80.2%
Belushi???
79.9%
McClane???
79.6%
Legend???
79.2%
Milton???
78.7%
Cusack???
78.6%
Coltrane???
76.5%
Surname Jon (A) or John (B) % Correct
Stewart???
70.2%
Voight???
67.6%
Krasinski???
65.1%
Lovitz???
63.9%
Heder???
63.5%
Favreau???
63.4%
Cryer???
62.2%
Snow???
61.4%
Gosselin???
59.5%
Hamm???
55.9%
Kitna???
54.7%
Arbuckle???
51.9%
Gruden???
48.9%
Jones???
43.8%
Lord???
36.9%

You're not logged in!

Compare scores with friends on all Sporcle quizzes.
Sign Up with Email
OR
Log In

You Might Also Like...

Show Comments

Extras

Top Quizzes Today


Score Distribution

Your Account Isn't Verified!

In order to create a playlist on Sporcle, you need to verify the email address you used during registration. Go to your Sporcle Settings to finish the process.